Najbardziej depresyjne kraje Unii Europejskiej - Statystyki

Ogólne statystyki
  • Ten quiz został rozwiązany 208 razy
  • Średni wynik to 9 z 13
Statystyki odpowiedzi
Miejsce Kraj % Poprawnych
4. Niemcy
89%
11. Francja
83%
3. Szwecja
77%
8. Finlandia
72%
10. Holandia
68%
2. Portugalia
67%
6. Dania
64%
13. Belgia
63%
9. Łotwa
61%
12. Austria
59%
1. Słowenia
53%
5. Chorwacja
48%
7. Luksemburg
48%
Nie znaleziono quizów pasujących do podanych kryteriów
Rozkład punktacji
Procent ludzi z każdym wynikiem
Percentyl według liczby udzielonych odpowiedzi
Twoja historia wyników
Nie rozwiązałeś tego quizu